LEADER 00874nam a2200205 i 4500 001 000000243004 003 CaOOAMICUS 005 20150619000000.0 008 150619s1828 it u000 u ita u 013 $a221909 026 $aonei e!n- i-i- es16 (7) 1828 (R) 040 $aSeMil$bita 245 10$aMese di settembre. 300 $a268, [4] p., [1] carta di tav. :$bill. 773 0 $tOpere di Dio e le maraviglie della natura considerazioni per tutti i giorni dell'anno di C. C. Sturm. Opera adattata ad ogni genere di persone tradotta e corredata di alcune nuove osservazioni.$dMilano : Co' Torchi d' Omobono Manini, 1827-1828.$g9$w()32078 850 $aSeMil 852 $aSeMil$W1$xVenegono$y1$m3F II 340 FA$j193350$B193350$CSeMilBibl$Z2$F204140 $8I 941 1 $a10 961 $aRecupero: Mantegazza 996 $6245$aMese di settembre$9(OLS)http://semarc/title/344806 LEADER 01028nam a2200241 i 4500 001 000000187239 003 CaOOAMICUS 005 20100312000000.0 008 100312s1964 it u000 u ita u 013 $a165304 040 $aSeMil$bita 100 1 $aPrete, Serafino.$0(OLS)http://semarc/name/9428 245 10$aPaolino di Nola e l'umanesimo cristiano :$bsaggio sopra il suo epistolario /$cSerafino Prete. 260 $aBologna :$bZanichelli,$c1964. 300 $aXI, 176 p. ;$c22 cm. 490 0 $aStudi e ricerche 500 $aContiene : Appendici ; Bibliografia. 650 4$aPaolino : di Nola .$0(OLS)http://semarc/subject/45075 830 0$aStudi e ricerche.$0(OLS)http://semarc/title/6597 850 $aSeMil 852 $aSeMil$W1$xVenegono$y1$m2T II 137$j137926$B137926$CSeMilBibl$Z2$F149401 $81 996 $6245$aPaolino di Nola e l'umanesimo cristiano :$bsaggio sopra il suo epistolario$9(OLS)http://semarc/title/269334 996 $6260$aBologna :$bZanichelli$9(OLS)http://semarc/publisher/29934